Normal view MARC view

Entry Meeting Name

Number of records used in: 1

001 - CONTROL NUMBER

  • control field: 596143

003 - CONTROL NUMBER IDENTIFIER

  • control field:

005 - DATE AND TIME OF LATEST TRANSACTION

  • control field: 20210603111647.0

008 - FIXED-LENGTH DATA ELEMENTS

  • fixed length control field: 210603|| aca||aabn | a|a d

040 ## - CATALOGING SOURCE

  • Original cataloging agency:
  • Transcribing agency:

111 ## - HEADING--MEETING NAME

  • Meeting name or jurisdiction name as entry element: International Congress of Psychology
  • Number of part/section/meeting: (9th :
  • Date of meeting or treaty signing: 1929, Sep. 1-7 :
  • Location of meeting: Yoke University, New Haven, Connecticul)

670 ## - SOURCE DATA FOUND

  • Source citation: Work cat.: (): International Congress of Psychology (9th : 1929, Sep. 1-7 : Yoke University, New Haven, Connecticul), Proceeding and papers /, 1960
                                                                           
web counter

Copyright ©2020 The National Library of India, Govt. of India ↔ Hosted by NVLI, MOC ↔ Technology and Design by National Library of India, Ministry of Culture, Govt. of India